John Percival [to accompany bill H.R. no. 35].

Bibliographic Details
Corporate Authors: United States. Congress. House. Committee on Naval Affairs, ProQuest (Firm)
Format: eBook
Language:English
Published: Washington : [publisher not identified], 1833.
Series:United States congressional serial set.
Subjects:
Online Access:Connect to the full text of this electronic book

MARC

Tag First Indicator Second Indicator Subfields
LEADER 00000cam a22000001a 4500
001 in00002818713
005 20190331184839.0
006 m o d
007 cr un mmmapmmp
008 090210s1833 dcud o f000 0 eng d
035 |a cis2004316505 
040 |a UMI  |c UMI  |d UtOrBLW 
043 |a n-us--- 
099 |a ProQuest Serial Set Number 260 H.rp.30 
110 1 |a United States.  |b Congress.  |b House.  |b Committee on Naval Affairs. 
245 1 0 |a John Percival [to accompany bill H.R. no. 35]. 
246 1 |a Claim of John Percival, master commandant of navy, for expenses incurred in obtaining release of American seamen from natives of Mulgrave Islands, and in visiting Sandwich Islands, 1825 and 1826 
264 1 |a Washington :  |b [publisher not identified],  |c 1833. 
300 |a 1 online resource. 
336 |a text  |b txt  |2 rdacontent 
337 |a computer  |b c  |2 rdamedia 
338 |a online resource  |b cr  |2 rdacarrier 
490 0 |a H.rp.30 
500 |a Record is based on bibliographic data in ProQuest U.S. Serial Set Digital Collection (last viewed Feb. 2009). Reuse except for individual research requires license from ProQuest, LLC. 
510 3 |a ProQuest U.S. Serial Set Digital Collection 
500 |a Electronic resource. 
650 0 |a Claims. 
650 0 |a Expenditures, Public. 
650 0 |a Armed Forces  |x Officers. 
655 7 |a Electronic books.  |2 local 
710 2 |a ProQuest (Firm) 
830 0 |a United States congressional serial set. 
856 4 0 |u http://proxy.library.tamu.edu/login?url=http://congressional.proquest.com/congcomp/getdoc?SERIAL-SET-ID=260+H.rp.30  |z Connect to the full text of this electronic book  |t 0 
999 |a MARS 
999 f f |s 24e839d1-3f2a-3a3c-ba45-7d894b724697  |i 1ceeffa6-b73c-3b41-b357-ff03fcc311e1  |t 0 
952 f f |a Texas A&M University  |b College Station  |c Electronic Resources  |d Available Online  |t 0  |e ProQuest Serial Set Number 260 H.rp.30  |h Other scheme 
998 f f |a ProQuest Serial Set Number 260 H.rp.30  |t 0  |l Available Online